LEADER 01278nam a2200277 4500 001 000000349738 003 CaOOAMICUS 005 20220323082018.0 008 220321s2019 it 000 u ita r 020 $a978-88-339-1926-3 040 $aSeMil$bita 100 1 $aGandolfi, Alberto,$d<1966- >.$0(OLS)http://semarc/name/115633 245 10$aFormicai, imperi, cervelli :$bintroduzione alla scienza della complessità /$cAlberto Gandolfi. 264 1$aTorino :$bBollati Boringhieri,$c2019. 300 $a300 p. ;$c20 cm 490 1 $aUniversale Bollati Boringhieri ;$v569 650 4$aSistemi complessi.$0(OLS)http://semarc/subject/51119 650 4$aComplessità - Filosofia.$0(OLS)http://semarc/subject/47943 830 0$aUniversale Bollati Boringhieri ;$v569.$0(OLS)http://semarc/title/401673 850 $aSeMil 852 $aSeMil$W1$xVenegono$y1$m3X II 210$j232168$B240784$CSeMilBibl$Z2$F240784 $81 961 $aBrambilla don Paolo - Omaggio 996 $6020$a978-88-339-1926-3$9(OLS)http://semarc/number/295488 996 $6245$aFormicai, imperi, cervelli :$bintroduzione alla scienza della complessità$9(OLS)http://semarc/title/439359 996 $6264$aTorino :$bBollati Boringhieri$9(OLS)http://semarc/publisher/31556 LEADER 00982nam a2200217 i 4500 001 000000071341 003 CaOOAMICUS 005 20081119000000.0 008 081119s1905 be u000 u fre u 013 $a42513 040 $aSeMil$bita 100 1 $aSentroul, Charles.$0(OLS)http://semarc/name/35465 245 12$aL'objet de la métaphysique selon Kant et selon Aristote /$cpar C. Sentroul. 260 $aLouvain :$bInstitut supérieur de philosophie,$c1905. 300 $aXII, 240 p. ;$c25 cm. 650 4$aKant, Immanuel <1724-1804> - Metafisica.$0(OLS)http://semarc/subject/8776 650 4$aAristotele <384-322 a.C.> . Metafisica.$0(OLS)http://semarc/subject/1263 850 $aSeMil 852 $aSeMil$W1$xVenegono$y1$m2P IV 27$j37494$B37494$CSeMilBibl$Z2$F37497 $81 996 $6245$aL'objet de la métaphysique selon Kant et selon Aristote$9(OLS)http://semarc/title/114724 996 $6260$aLouvain :$bInstitut supérieur de philosophie$9(OLS)http://semarc/publisher/29950